Participatory Biblical exegesis (Record no. 237715)
[ view plain ]
| 000 -LEADER | |
|---|---|
| fixed length control field | 01883nam a22003974a 4500 |
| 082 04 - DEWEY DECIMAL CLASSIFICATION NUMBER | |
| Classification number | 220.601 |
| 100 1# - MAIN ENTRY--AUTHOR NAME | |
| Personal name | Levering, Matthew, |
| 245 10 - TITLE STATEMENT | |
| Title | Participatory Biblical exegesis |
| 260 ## - PUBLICATION, DISTRIBUTION, ETC. (IMPRINT) | |
| Place of publication | Notre Dame, Ind. : |
| Name of publisher | University of Notre Dame Press, |
| Year of publication | c2008. |
| 300 ## - PHYSICAL DESCRIPTION | |
| Number of Pages | xi, 310 p. |
| 490 1# - SERIES STATEMENT | |
| Series statement | Reading the Scriptures |
| 505 0# - FORMATTED CONTENTS NOTE | |
| Formatted contents note | Late-medieval nominalism and participatory Biblical exegesis -- From Aquinas to Raymond Brown -- Participatory Biblical exegesis and God the teacher -- Participatory Biblical exegesis and human teachers -- Participatory Biblical exegesis and ecclesial authority. |
| 650 #0 - SUBJECT ADDED ENTRY--TOPICAL TERM | |
| Topical Term | History |
| Topical Term | History |
| 856 40 - ELECTRONIC LOCATION AND ACCESS | |
| Uniform Resource Identifier | http://site.ebrary.com/lib/rucke/Doc?id=10423338 |
No items available.
